Loading...
Tourism management and marketing: The business of travel agency operations
| Main Author: | |
|---|---|
| Format: | Printed Book |
| Published: |
New Delhi
Sterling Publishers Pvt. Ltd.
1998
|
| Subjects: |
| LEADER | 00524nam a2200157 4500 | ||
|---|---|---|---|
| 082 | |a 338.4791 BHA-T | ||
| 100 | |a Bhatia, A K | ||
| 245 | |a Tourism management and marketing: The business of travel agency operations | ||
| 250 | |||
| 260 | |a New Delhi |b Sterling Publishers Pvt. Ltd. |c 1998 | ||
| 300 | |||
| 490 | |||
| 650 | |a Tourism industry and management | ||
| 942 | |c BK | ||
| 999 | |c 234289 |d 234289 | ||
| 952 | |0 0 |1 0 |4 0 |6 338_479100000000000_BHAT |7 0 |9 248422 |a SDE |b SDE |d 2019-12-12 |l 0 |o 338.4791 BHA-T |p SDE13741 |r 2019-12-12 |w 2019-12-12 |y BK | ||